00665nam a2200241 a 4500001001300000003000900013005001700022008004100039020001000080082001600090100001600106245002000122260004300142300001000185500003500195505001300230650001800243700001600261902000800277942000700285952011600292999001500408nice12345678IN_TiNIC20260116011419.0050524s1959 lona grp 000 0 eng  ac10000a297.09bMAH aMahmud, S F aStory of Islam. aLondonbOxford University Press c1959 a354p. aincludes index and biblioraphy2 aAppendix aIslam-History1 aMahmud, S F bSRS cBK 001040708StackRoom-aHMIbHMId2007-07-25g100.00l0o297.09 MAHp02649r2007-07-25v100.00w2005-05-24yBK c1324d1324